PR-SOF-2569-Enhancing Medical Imaging CT to MRI Conversion via GAN-CNN Fusion (Record no. 615083)

000 -LEADER
fixed length control field 00430nam a22001337a 4500
040 ## - CATALOGING SOURCE
Transcribing agency NUST
082 ## - DEWEY DECIMAL CLASSIFICATION NUMBER
Classification number 220 PRO
100 ## - MAIN ENTRY--PERSONAL NAME
Personal name Muhammad Tahir Ali Muhammad Eshan
9 (RLIN) 130958
110 ## - MAIN ENTRY--CORPORATE NAME
Corporate name or jurisdiction name as entry element Supervisor: Asst. Prof. Kamran Aziz
9 (RLIN) 130959
245 ## - TITLE STATEMENT
Title PR-SOF-2569-Enhancing Medical Imaging CT to MRI Conversion via GAN-CNN Fusion
260 ## - PUBLICATION, DISTRIBUTION, ETC.
Place of publication, distribution, etc. ISLAMABAD:
Name of publisher, distributor, etc. NUST COLLEGE OF EME,
Date of publication, distribution, etc. 2025.
650 ## - SUBJECT ADDED ENTRY--TOPICAL TERM
Topical term or geographic name entry element DE-ELECT-43
9 (RLIN) 130873
942 ## - ADDED ENTRY ELEMENTS (KOHA)
Source of classification or shelving scheme
Koha item type Project Report
Holdings
Withdrawn status Lost status Source of classification or shelving scheme Damaged status Not for loan Permanent Location Current Location Shelving location Date acquired Total Checkouts Full call number Barcode Date last seen Price effective from Koha item type
          College of Electrical & Mechanical Engineering (CEME) College of Electrical & Mechanical Engineering (CEME) Reference 10/06/2025   220 PRO PR-SOF-2569 10/06/2025 10/06/2025 Project Report
© 2023 Central Library, National University of Sciences and Technology. All Rights Reserved.